00609nam a2200169Ia 4500003000400000008004100004040001600045082001900061100003500080245009400115700003500209700005800244300000800302490002700310650004500337650005700382GCL140319s9999 xx 000 0 ara d aGCL / cGCL04a842.008bك ش1 aمحمد محمد القصاص10aالشعله : مسرحية ذات ثلاثه فصول / cمحمد محمد القصاص1 aكيستما كرز , هنرى1 aمحمد عبدالسلام الجندى (ترجمة) a198 aالالف كتابv004aالادب الفرنسى المترجم04aالمسرحيات الفرنسية المترجمة